Nuevas miradas a las independencias. (Record no. 22908)

000 -CABECERA
fixed length control field 02544nam a22003377i 4500
003 - IDENTIFICADOR DEL NÚMERO DE CONTROL
control field AR-CdUCM
008 - DATOS DE LONGITUD FIJA--INFORMACIÓN GENERAL
fixed length control field 240521b20222022 pe||||| |||| 00| 0 spa d
020 ## - NÚMERO INTERNACIONAL ESTÁNDAR DEL LIBRO
ISBN 978-612-49070-7-4
040 ## - FUENTE DE LA CATALOGACIÓN
Agencia/entidad que catalogó originalmente la obra MUNICIPALIDAD PROVINCIAL DEL CUSCO
Entidad que transcribió la catalogación BIBLIOTECA MUNICIPAL DEL CUSCO
082 ## - NÚMERO DE LA CLASIFICACIÓN DECIMAL DEWEY
No. de Clasificación 985.04 / M88
Notacion interna M88
100 ## - ENTRADA PRINCIPAL--NOMBRE DE PERSONA
Nombre Personal Montalvo, Enmanuel.
245 ## - MENCIÓN DE TÍTULO
Título Nuevas miradas a las independencias.
Resto del título Actores, procesos e instituciones /
260 ## - PUBLICACIÓN, DISTRIBUCIÓN, ETC.
Lugar de publicación, distribución, etc. Lima :
Nombre de la editorial, distribuidor, etc. Ministerio de Cultura del Perú,
-- Proyecto Especial Bicentenario de la Independencia del Perú,
Fecha de publicación, distribución, etc. 2022
300 ## - DESCRIPCIÓN FÍSICA
Nº de Páginas Extensión 229 páginas. :
Dimensiones 20 cm.
500 ## - NOTA GENERAL
Bibliografía Bibliografía: páginas 224 - 227
505 ## - NOTA DE CONTENIDO CON FORMATO
Nota de contenido formateada El Real Cuerpo de Serenos 1804-1821 y la primera institución policial peruana -- "Se acabara el dinero, pero no el deseo de ayudar a la madre patria". Donativos de guerra desde la Gaceta del Gobierno de Lima en el régimen de Abascal 1810 - 1816 -- Liderazgos, discursos e intereses diversos. El rol de los religiosos durante el proceso de independencia en Huánuco -- Huarochirí en el proceso independentista desde las acciones del curaca Ignacio Quispe Ninavilca: una perspectiva localista de la gesta -- "Por su patriotismo y adhesión a la sagrada causa de la independencia ". La junta de Calificación patriótica de Arequipa, 1825 - 1826 -- Formas de Historicidad en el manuscrito Historia del Perú de Juan Basilio Cortegana
650 ## - PUNTO DE ACCESO ADICIONAL DE MATERIA--TÉRMINO DE MATERIA
Descriptor El Real Cuerpo de Serenos 1804-1821 y la primera institución policial peruana
9 (RLIN) 49896
650 ## - PUNTO DE ACCESO ADICIONAL DE MATERIA--TÉRMINO DE MATERIA
Descriptor "Se acabara el dinero, pero no el deseo de ayudar a la madre patria". Donativos de guerra desde la Gaceta del Gobierno de Lima en el régimen de Abascal 1810 - 1816
9 (RLIN) 49897
650 ## - PUNTO DE ACCESO ADICIONAL DE MATERIA--TÉRMINO DE MATERIA
Descriptor Liderazgos, discursos e intereses diversos. El rol de los religiosos durante el proceso de independencia en Huánuco
9 (RLIN) 49898
650 ## - PUNTO DE ACCESO ADICIONAL DE MATERIA--TÉRMINO DE MATERIA
Descriptor Huarochirí en el proceso independentista desde las acciones del curaca Ignacio Quispe Ninavilca: una perspectiva localista de la gesta
9 (RLIN) 49899
650 ## - PUNTO DE ACCESO ADICIONAL DE MATERIA--TÉRMINO DE MATERIA
Descriptor "Por su patriotismo y adhesión a la sagrada causa de la independencia ". La junta de Calificación patriótica de Arequipa, 1825 - 1826
9 (RLIN) 49900
650 ## - PUNTO DE ACCESO ADICIONAL DE MATERIA--TÉRMINO DE MATERIA
Descriptor Formas de Historicidad en el manuscrito Historia del Perú de Juan Basilio Cortegana
9 (RLIN) 49901
700 ## - PUNTO DE ACCESO ADICIONAL--NOMBRE DE PERSONA
Nombre Personal Jesús Yarango
9 (RLIN) 49902
700 ## - PUNTO DE ACCESO ADICIONAL--NOMBRE DE PERSONA
Nombre Personal Gonzalo Zavala
9 (RLIN) 49903
700 ## - PUNTO DE ACCESO ADICIONAL--NOMBRE DE PERSONA
Nombre Personal Erik Lionel Felix
9 (RLIN) 49904
700 ## - PUNTO DE ACCESO ADICIONAL--NOMBRE DE PERSONA
Nombre Personal Helbert Suyo
9 (RLIN) 49905
700 ## - PUNTO DE ACCESO ADICIONAL--NOMBRE DE PERSONA
Nombre Personal Juan Antonio Lan
9 (RLIN) 49906
856 ## - LOCALIZACIÓN Y ACCESO ELECTRÓNICOS
Dirección electrónica www.bicentenario.gob.pe/biblioteca
942 ## - ELEMENTOS DE PUNTO DE ACCESO ADICIONAL (KOHA)
Fuente de clasificación
Tipo de item Libros-BMC
945 ## - PROCESAMIENTO DE INFORMACIÓN LOCAL (OCLC)
Catalogador pbj
AAAA-MM-DD - Fecha de ingreso o modificacion 2024-05-21
Holdings
Estado de retiro (separado) Fuente de clasificación o esquema de estanterías Estado dañado Ubicación Sala donde se ubica Nombre de la colección Fecha de adquisición o compra Fuente de adquisición Costo, precio normal en soles Signatura topográfica Código de Barras Última vez visto (Koha) Tipo de ítem (Koha)
No     Sala Humanidades Sala Humanidades Book Cart 2024-05-21 Depósito Legal 20.00 985.04 / M88 SH0000016745 2024-05-21 Libros-BMC

Powered by Koha